Quizzes
Events
Quiz Creation
Community
Videos
Private Events
Remove Ads
Sign In
Join for FREE
Feedback
Dark Mode
Quiz Categories
Sports
Geography
Music
Movies
Television
Just For Fun
Miscellaneous
History
Literature
Language
Science
Gaming
Entertainment
Religion
Holiday
For Kids
Quiz Lab
Recent
Popular Today
Quiz Kudos Today
Editor Picks
Curator Picks
Quizzes by...
Day
Popularity
Type
Ratings
Length
Year
Community
Subscriptions
Recent Discussions
Orange Saloon
Badges
Playlists
Quests
Create
Leaderboards
Showdown
Live 5
Trivia Bingo
Activity
Puzzle Library
Sporcle Events
Private Events
Virtual Trivia
Globe League
Become a Host
Pub Owners
SporcleCon
Opinionation
Our Games
Videos
Blog
Mobile Apps
Partnerships
Remove Ads and Go Orange
Feedback
Entertainment
Celebrity
Famous
Musical
Broadway
Show
Quote
Comic Books
Anime
Superhero
DC Comics
Marvel
Cartoons
Animation
Entertainment
Celebrity
Famous
Musical
Broadway
Show
Quote
Comic Books
Anime
Superhero
DC Comics
Marvel
Cartoons
Animation
Random Quiz
Search Sporcle
×
Quiz Lab
Quiz Lab
Entertainment
Myth
Type in answers that appear in a list
Type in answers that appear in a list
Classic
Best Score? Go Orange.
Mythbusters Season 1 Stats
Can you name the Results of Mythbusters Season 1?
By
PMovies
3m
44 Questions
109 Plays
109 Plays
109 Plays
Comments
Comments
Give Quiz Kudos
Give Quiz Kudos
-
- Ratings
hide this ad
Forced Order
Answers have to be entered in order
Answers have to be entered in order
Random Order
Randomize order of answers
Randomize order of answers
Replay
Link that replays current quiz
Next Quiz
Link to next quiz in quiz playlist
You Got
0%
They Got
Avg Score
67%
Avg Friend Score
Upgrade to see
Score Distribution
Jump to the score distribution portion of the page
Score
0/44
Timer
03:00
0
Plays Today
Myth
Result
% Correct
Penny Drop
Busted
75.2%
Radio Tooth Fillings
Busted
75.2%
Buried Alive
Busted
75.2%
The Mad Trombonist
Busted
75.2%
Goldfinger
Busted
74.3%
Exploding Toilet
Busted
74.3%
Who Gets Wetter?
Busted
72.5%
Raccoon Rocket
Busted
71.6%
Chicken Gun
Busted
71.6%
Cell Phone Destroys Gas Station
Busted
70.6%
Eelskin Wallet
Busted
70.6%
Hammer Bridge Drop
Busted
70.6%
Explosive Decompression
Busted
70.6%
Jet-
Assited Chevy
Busted
69.7%
Magic Bullet
Busted
69.7%
Lightning Strikes Tounge Piercing
Busted
69.7%
Stinky Car
Busted
69.7%
Does a Duck's Quack Echo?
Busted
69.7%
Beat the Breath Test
Busted
68.8%
Stud Finders and Mind Control Chips
Busted
68.8%
Octopus Egg Pregnancy
Busted
68.8%
Larry's Lawn Chair
Confirmed
67.9%
Myth
Result
% Correct
Peeing on the Third Rail
Busted
67.9%
Rear Axle
Busted
67.9%
Breakstep Bridge
Busted
67.9%
Pop Rocks and Soda
Busted
67%
Silicone Breast Implants
Busted
67%
Frog Giggin'
Busted
67%
Toothbrush Suprise
Confirmed
67%
CD-
ROM Shattering
Busted
66.1%
Buried in Concrete
Busted
66.1%
Leaping Lawyer
Confirmed
65.1%
Tree Cannon
Plausible
65.1%
Goldfish Memory
Busted
65.1%
Stuck on You
Busted
64.2%
Poppy Seed Drug Test
Confirmed
64.2%
Daddy Long-
Legs
Busted
64.2%
Killer Washing Machine
Busted
63.3%
Sinking Titanic
Busted
63.3%
Escape From Alcatraz
Plausible
62.4%
Rowing Water Skier
Confirmed
62.4%
Jet Taxi
Plausible
60.6%
Biscuit Bazooka
Plausible
57.8%
Barrel of Bricks
Plausible
56%
Quiz Playlist
Details
Report
Send in Message
Add To Playlist
Classic:
Type in answers that appear in a list
Forced Order:
Answers have to be entered in order
Random Order:
Randomize order of answers
Quiz Source
Last Updated: Feb 16, 2017
Quiz Scoreboard
CHALLENGE
Sign Up to Join the Scoreboard
Show All
Scores
Hide
Comments
May contain spoilers
Recently Published
Decade Duel: World Leaders
by jenniferyan
History
4m
Alphabetical 'K' Countries by Flag Minefield
by ylime102
Geography
3m
Pick 6: Fruits
by JohnFran
Miscellaneous
15s
More to Explore
Quiz From the Vault
Featured Blog Post
15 Basketball Trivia Facts You Can Be March Mad About
hide this ad
You Might Also Like...
Tags
Myth
Mythbusters
result
season
Today's Top Quizzes in Entertainment
Browse Entertainment
hide this ad
Today's Top Quizzes in Myth
Browse Myth
Top Contributed Quizzes in Entertainment
1
Eurovision 2023 Logic Puzzle
2
Titans/Young Justice Logic Puzzle (Read Note)
3
The Joker Actors by Order
4
Decade Duel: Actor
5
Spider-Man Actors by Order
6
Decade Duel: Actress
7
JoJo's Bizarre Logic Quiz
8
Click the Fictional John
9
Click the Fictional Bruce
10
Picture Click Blitz: Snow White
Explore More
Trending Topics
Anime
Disney
Marvel
Kpop
Harry Potter
Crossword
NBA
WWE
Soccer
Song
Pokémon
Puzzle
Country
The Office
NFL
hide this ad
More By:
PMovies
Quiz
Plays
Rating
Category
Featured
Created
Drinks made by Coca-Cola
268
2.38
Miscellaneous
Aug 6, 2010
Webkinz Music Videos
202
3.00
Music
May 10, 2010
Mythbusters Season 1
109
3.60
Entertainment
Apr 22, 2010
Drinks made by PepsiCo
79
5.00
Miscellaneous
Aug 6, 2010
One Hundred One Dalmatains Characters
16
3.00
Movies
Aug 6, 2010
Go to Creator's Profile
Score Distribution
Quiz Creator Spotlight
PMovies
Follow
Send a Message
Quizzes Created
-
Created Quiz Play Count
-
More By This Creator
Popular Quizzes Today
1
Countries of Asia Without Outlines Minefield
2
Find the US States - No Outlines Minefield
3
Pick 6: Fruits
4
The Countries of the World
5
Alphabetical 'K' Countries by Flag Minefield
6
Find the Countries of Europe - No Outlines Minefield
7
US States
8
Find the US States
More Entertainment Quizzes
Fictional Maps
Published
Trending Quizzes
Pick 6: Mountains
Pick 6: Harry Potter
Pick 6: Flags
Pick 6: NFL Teams
Pick 6: Movie Franchises
Recently Updated
Adaptations: Name the Title
pecheneg
NWSL Teams
pecheneg
Women's Final Four Teams by Year
bhenderson79
Presidents Quartet II
eogle
Anything But Clue(do)
eogle
Anything But Oceanian Capitals
eogle
Anything But 7
eogle
Anything But Thing
eogle
Word Ladder: February 29
pecheneg
Song Title Questions
pecheneg
Trending Topics
Harry Potter
NBA
Marvel
Disney
Crossword
Kpop
Anime
NFL
WWE
Song
Pokémon
Puzzle
Soccer
Country
The Office
Your Account Isn't Verified!
In order to create a playlist on Sporcle, you need to verify the email address you used during registration. Go to your
Sporcle Settings
to finish the process.
Report this User
Report this user for behavior that violates our
Community Guidelines
.
Details:
Send Report
Go to the Sporcle.com Mobile Site →
Comments